000 01636pab a2200181 454500
008 180718b2018 xxu||||| |||| 00| 0 eng d
100 _aMehozay, Yoav
245 _aFrom offender rehabilitation to the aesthetic of the victim
260 _c2018
300 _ap.97-113.
362 _aFeb
520 _aThis article analyzes the role played by crime victims in social control in the postindustrial United States in the last three decades of the 20th century. Through a synthesis between Zygmunt Baumanメs work on late modernity and Pierre Dardotメs and Christian Lavalメs conceptualization of neoliberalism, the article reviews the increasing centrality of the crime victim in penal discourse, particularly in light of the ムaesthetic turnメ proposed by Bauman and others as representing a deep transition in the way social problems and political actions are understood. More precisely, a society governed by aesthetics is concerned with superficial manifestations of social harms. As such, under this aesthetic turn, public attitudes and criminal justice policies in the United States since the 1970s have related to ideal victims who are devoid of social context. Victims play a symbolic role in amplifying punitive emotions but are denied meaningful services. The article concludes with a call to rethink the ethos of the victim with an eye toward reducing the structural pathologies, such as inequality, poverty, or racial discrimination, that inflict so much harm on so many. - R
650 _aRehabilitation
650 _aCrime victims
650 _aCrime - USA
773 _aSocial & Legal Studies
909 _a116538
999 _c116532
_d116532